<?xml version="1.0" encoding="UTF-8"?>
<record
    xmlns:xsi="http://www.w3.org/2001/XMLSchema-instance"
    xsi:schemaLocation="http://www.loc.gov/MARC21/slim http://www.loc.gov/standards/marcxml/schema/MARC21slim.xsd"
    xmlns="http://www.loc.gov/MARC21/slim">

  <leader>01935nam a2200469 a 4500</leader>
  <controlfield tag="005">20240424102812.0</controlfield>
  <controlfield tag="008">100309s2012||||sp il. f |||| 001 0 spa d</controlfield>
  <datafield tag="020" ind1=" " ind2=" ">
    <subfield code="a">9788480869706</subfield>
  </datafield>
  <datafield tag="041" ind1=" " ind2=" ">
    <subfield code="a">spa</subfield>
  </datafield>
  <datafield tag="092" ind1=" " ind2=" ">
    <subfield code="c">616</subfield>
    <subfield code="l">30</subfield>
    <subfield code="s">GOL</subfield>
  </datafield>
  <datafield tag="100" ind1="1" ind2=" ">
    <subfield code="a">Goldman, Lee</subfield>
    <subfield code="e">Ed.</subfield>
    <subfield code="9">1800</subfield>
  </datafield>
  <datafield tag="245" ind1=" " ind2=" ">
    <subfield code="a">CECIL. Tratado de Medicina Interna. </subfield>
    <subfield code="b">T.2 /</subfield>
    <subfield code="c">Lee Goldman</subfield>
  </datafield>
  <datafield tag="250" ind1=" " ind2=" ">
    <subfield code="a">24a ed. versi&#xF3;n en espa&#xF1;ol de la 24 ed. de la obra original en ingl&#xE9;s</subfield>
    <subfield code="b">Revisi&#xF3;n cient&#xED;fica y t&#xE9;cnica Carlos Barros Aguado [et. al]</subfield>
  </datafield>
  <datafield tag="260" ind1=" " ind2=" ">
    <subfield code="a">Barcelona: </subfield>
    <subfield code="b">Elsevier ; Saunders;</subfield>
    <subfield code="c">2012.</subfield>
  </datafield>
  <datafield tag="300" ind1=" " ind2=" ">
    <subfield code="a">1344-2576 p.</subfield>
  </datafield>
  <datafield tag="500" ind1=" " ind2=" ">
    <subfield code="a">Goldman, L. (Ed.) et al. (2012). CECIL. Tratado de medicina interna. T.2 (24a ed.). Barcelona : Elsevier ; Saunders.</subfield>
  </datafield>
  <datafield tag="653" ind1=" " ind2=" ">
    <subfield code="a">Enfermedades metab&#xF3;licas</subfield>
  </datafield>
  <datafield tag="653" ind1=" " ind2=" ">
    <subfield code="a">Enfermedades nutricionales</subfield>
  </datafield>
  <datafield tag="653" ind1=" " ind2=" ">
    <subfield code="a">Salud endocrinas</subfield>
  </datafield>
  <datafield tag="653" ind1=" " ind2=" ">
    <subfield code="a">Salud en la mujer</subfield>
  </datafield>
  <datafield tag="653" ind1=" " ind2=" ">
    <subfield code="a">Enfermedades del metabolismo &#xF3;seo y mineral</subfield>
  </datafield>
  <datafield tag="653" ind1=" " ind2=" ">
    <subfield code="a">Enfermedades de la alergia y la inmunolog&#xED;a cl&#xED;nica</subfield>
  </datafield>
  <datafield tag="653" ind1=" " ind2=" ">
    <subfield code="a">Enfermedades reum&#xE1;ticas</subfield>
  </datafield>
  <datafield tag="653" ind1=" " ind2=" ">
    <subfield code="a">Enfermedades infecciosas</subfield>
  </datafield>
  <datafield tag="653" ind1=" " ind2=" ">
    <subfield code="a">Virus de la inmunodeficiencia adquirida y Sindrome de inmunodeficiencia adquirida</subfield>
  </datafield>
  <datafield tag="653" ind1=" " ind2=" ">
    <subfield code="a">Neurolog&#xED;a</subfield>
  </datafield>
  <datafield tag="653" ind1=" " ind2=" ">
    <subfield code="a">Enfermedades de los ojos, los o&#xED;dos, la nariz y la garganta</subfield>
  </datafield>
  <datafield tag="653" ind1=" " ind2=" ">
    <subfield code="a">Consulta m&#xE9;dica</subfield>
  </datafield>
  <datafield tag="653" ind1=" " ind2=" ">
    <subfield code="a">Enfermedades de la piel</subfield>
  </datafield>
  <datafield tag="653" ind1=" " ind2=" ">
    <subfield code="a">Ap&#xE9;ndice: intervalos de referencia y valores de laboratorio</subfield>
  </datafield>
  <datafield tag="700" ind1="1" ind2=" ">
    <subfield code="a">Schafer, Andrew I.</subfield>
    <subfield code="e">Ed.</subfield>
    <subfield code="9">2511</subfield>
  </datafield>
  <datafield tag="700" ind1="1" ind2=" ">
    <subfield code="a">Arend. William P.</subfield>
    <subfield code="e">Ed. Asoc.</subfield>
    <subfield code="9">3557</subfield>
  </datafield>
  <datafield tag="700" ind1="1" ind2=" ">
    <subfield code="a">Armitage, James O.</subfield>
    <subfield code="e">Ed. Asoc.</subfield>
    <subfield code="9">3558</subfield>
  </datafield>
  <datafield tag="700" ind1="1" ind2=" ">
    <subfield code="a">Clemmons, David R.</subfield>
    <subfield code="9">3559</subfield>
  </datafield>
  <datafield tag="700" ind1="1" ind2=" ">
    <subfield code="a">Drazen, Jeffrey M.</subfield>
    <subfield code="e">Ed. Asoc.</subfield>
    <subfield code="9">3560</subfield>
  </datafield>
  <datafield tag="700" ind1="1" ind2=" ">
    <subfield code="a">Griggs, Robert C.</subfield>
    <subfield code="e">Ed. Asoc.</subfield>
    <subfield code="9">3561</subfield>
  </datafield>
  <datafield tag="700" ind1="1" ind2=" ">
    <subfield code="a">Landry, Donald W.</subfield>
    <subfield code="e">Ed. Asoc.</subfield>
    <subfield code="9">3562</subfield>
  </datafield>
  <datafield tag="700" ind1="1" ind2=" ">
    <subfield code="a">Levinson, Wendy</subfield>
    <subfield code="e">Ed. Asoc.</subfield>
    <subfield code="9">3563</subfield>
  </datafield>
  <datafield tag="700" ind1="1" ind2=" ">
    <subfield code="a">Rustgi, Anil K.</subfield>
    <subfield code="e">Ed. Asoc.</subfield>
    <subfield code="9">3564</subfield>
  </datafield>
  <datafield tag="700" ind1="1" ind2=" ">
    <subfield code="a">Scheld, W. Michael</subfield>
    <subfield code="e">Ed. Asoc.</subfield>
    <subfield code="9">3565</subfield>
  </datafield>
  <datafield tag="942" ind1=" " ind2=" ">
    <subfield code="2">ddc</subfield>
    <subfield code="c">BK</subfield>
  </datafield>
  <datafield tag="999" ind1=" " ind2=" ">
    <subfield code="c">1578</subfield>
    <subfield code="d">1578</subfield>
  </datafield>
  <datafield tag="952" ind1=" " ind2=" ">
    <subfield code="0">0</subfield>
    <subfield code="1">0</subfield>
    <subfield code="2">ddc</subfield>
    <subfield code="4">0</subfield>
    <subfield code="7">0</subfield>
    <subfield code="8">REF</subfield>
    <subfield code="a">BFM</subfield>
    <subfield code="b">BFM</subfield>
    <subfield code="c">REF</subfield>
    <subfield code="d">2013-07-26</subfield>
    <subfield code="g">1.75</subfield>
    <subfield code="l">15</subfield>
    <subfield code="o">616 30 GOL</subfield>
    <subfield code="p">2988</subfield>
    <subfield code="r">2017-04-10</subfield>
    <subfield code="s">2017-04-07</subfield>
    <subfield code="t">ej.5</subfield>
    <subfield code="w">2013-07-26</subfield>
    <subfield code="y">REF</subfield>
    <subfield code="z">LIBRO DE CONSULTA. COMPRA PROMED, 2DO A&#xD1;O. JULIO 2013</subfield>
    <subfield code="f"></subfield>
  </datafield>
  <datafield tag="952" ind1=" " ind2=" ">
    <subfield code="0">0</subfield>
    <subfield code="1">0</subfield>
    <subfield code="2">ddc</subfield>
    <subfield code="4">0</subfield>
    <subfield code="7">0</subfield>
    <subfield code="a">BFM</subfield>
    <subfield code="b">BFM</subfield>
    <subfield code="c">CR</subfield>
    <subfield code="d">2013-07-26</subfield>
    <subfield code="g">1.75</subfield>
    <subfield code="l">86</subfield>
    <subfield code="m">7</subfield>
    <subfield code="o">616 30 GOL</subfield>
    <subfield code="p">2990</subfield>
    <subfield code="r">2023-08-11</subfield>
    <subfield code="s">2023-07-27</subfield>
    <subfield code="t">ej.6</subfield>
    <subfield code="w">2013-07-26</subfield>
    <subfield code="y">BK</subfield>
    <subfield code="z">COMPRA PROMED, 2DO A&#xD1;O. JULIO 2013</subfield>
    <subfield code="f"></subfield>
  </datafield>
</record>
